Catálogo
 En Linea

Tres cuentos sobre el dinero / (Registro nro. 27988)

Detalles MARC
000 -CABECERA
campo de control de longitud fija 01073nam a2200289 a 4500
001 - NÚMERO DE CONTROL
campo de control 000028496
003 - IDENTIFICADOR DEL NÚMERO DE CONTROL
campo de control DO-SdBNP
005 - FECHA Y HORA DE LA ÚLTIMA TRANSACCIÓN
campo de control 20260321073641.0
007 - CAMPO FIJO DE DESCRIPCIÓN FÍSICA--INFORMACIÓN GENERAL
campo de control de longitud fija ta
008 - DATOS DE LONGITUD FIJA--INFORMACIÓN GENERAL
campo de control de longitud fija 110408t2003 dr 001 j spa d
040 ## - FUENTE DE LA CATALOGACIÓN
Centro catalogador/agencia de origen DO-SdBNP
Lengua de catalogación spa
Centro/agencia transcriptor BNPHU
082 ## - NÚMERO DE LA CLASIFICACIÓN DECIMAL DEWEY
Número de clasificación RD863.4408
Número de documento/Ítem T396c
Número de edición 22
245 00 - MENCIÓN DE TÍTULO
Título Tres cuentos sobre el dinero /
Mención de responsabilidad, etc. Manuel del Cabral, Juan Bosch, Ramón Francisco ; editor Tomás Castro Burdiez.
260 ## - PUBLICACIÓN, DISTRIBUCIÓN, ETC.
Lugar de publicación, distribución, etc. Santo Domingo :
Nombre del editor, distribuidor, etc. Fundación para la Educación y las Artes,
Fecha de publicación, distribución, etc. 2003.
300 ## - DESCRIPCIÓN FÍSICA
Extensión 24 p. ;
Dimensiones 21 cm.
490 1# - MENCIÓN DE SERIE
Mención de serie Cuadernos educativos y culturales
Designación de volumen o secuencia 13
590 ## - NOTA LOCAL (RLIN)
Nota local Inventariado, 2020/VM
650 14 - PUNTO DE ACCESO ADICIONAL DE MATERIA--TÉRMINO DE MATERIA
Término de materia o nombre geográfico como elemento de entrada Cuentos dominicanos
Subdivisión general Colecciones
9 (RLIN) 503
650 10 - PUNTO DE ACCESO ADICIONAL DE MATERIA--TÉRMINO DE MATERIA
Término de materia o nombre geográfico como elemento de entrada Literatura dominicana.
9 (RLIN) 67
700 1# - PUNTO DE ACCESO ADICIONAL--NOMBRE DE PERSONA
Nombre de persona Bosch, Juan,
Fechas asociadas al nombre 1909-2001
9 (RLIN) 76555
700 1# - PUNTO DE ACCESO ADICIONAL--NOMBRE DE PERSONA
Nombre de persona Francisco, Ramón,
Fechas asociadas al nombre 1929-
Título de la obra La moneda gastada
9 (RLIN) 55463
700 1# - PUNTO DE ACCESO ADICIONAL--NOMBRE DE PERSONA
Nombre de persona Cabral, Manuel del,
Fechas asociadas al nombre 1907-1999
Título de la obra El centavo
9 (RLIN) 23556
700 ## - PUNTO DE ACCESO ADICIONAL--NOMBRE DE PERSONA
Nombre de persona Castro, Tomás,
Fechas asociadas al nombre 1959-
Término indicativo de función/relación ed.
9 (RLIN) 24641
830 #0 - PUNTO DE ACCESO ADICIONAL DE SERIE-TÍTULO UNIFORME
Título uniforme Cuadernos educativos y culturales
Designación de volumen o secuencia 13
9 (RLIN) 55465
910 ## - DATOS DE OPCIÓN DEL USUARIO (OCLC)
Datos de opción del usuario Validado. Control de calidad EMS.
942 ## - ELEMENTOS DE PUNTO DE ACCESO ADICIONAL (KOHA)
Fuente del sistema de clasificación o colocación Dewey Decimal Classification
Tipo de ítem Koha Libro
Existencias
Estado de retiro Estado de pérdida Restricciones de uso No para préstamo Código de colección Localización permanente Ubicación/localización actual Ubicación en estantería Fecha de adquisición Número de inventario Total de préstamos Signatura topográfica completa Código de barras Fecha visto por última vez Precio válido a partir de Tipo de ítem Koha Número de copia Fuente del sistema de clasificación o colocación
    Préstamo en sala   Dominicana de Servicio Biblioteca Nacional Pedro Henríquez Ureña Biblioteca Nacional Pedro Henríquez Ureña En catalogación 13.02.2023     BNPHU DS RD863.4408 T396c 2023-0854 13.02.2023 13.02.2023 Libro e.4 Dewey Decimal Classification
        Patrimonio Dominicano Patrimonio Dominicano Patrimonio Dominicano Depósito 08.04.2011 LF1   RD863.4408 C117t 28496-10 25.06.2020 25.06.2020 Libro y Folleto Colección Patrimonio Dominicano    
      Excluido de préstamo Patrimonio Dominicano Patrimonio Dominicano Patrimonio Dominicano Depósito 24.06.2015 LF1   RD863.4408 C117t 28496-20 25.06.2020 25.06.2020 Libro y Folleto Colección Patrimonio Dominicano e. 2  
        Dominicana de Servicio Patrimonio Dominicano Patrimonio Dominicano Depósito 03.04.2017 LF1   RD863.4408 C117t 28496-30 25.06.2020 25.06.2020 Libro y Folleto Colección Dominicana de Servicio e. 3  

Con tecnología Koha